A végrehajtási eljárást módosító új német törvény

Elmentve itt :
Bibliográfiai részletek
Szerző: Sárffy Andor
Dokumentumtípus: Cikk
Megjelent: 1935
Sorozat:Polgári jog : a hazai és külföldi magánjog és hiteljog szemléje 11
Kulcsszavak:Eljárásjog német végrehajtás
Online Access:http://misc.bibl.u-szeged.hu/15580
LEADER 00644nab a2200169 i 4500
001 misc15580
005 20191106142245.0
008 170607s1935 hu o 0|| hun d
040 |a SZTE Miscellanea Repozitórium  |b hun 
041 |a hun 
100 1 |a Sárffy Andor 
245 1 2 |a A végrehajtási eljárást módosító új német törvény  |h [elektronikus dokumentum] /  |c  Sárffy Andor 
260 |c 1935 
300 |a 41-46a 
490 0 |a Polgári jog : a hazai és külföldi magánjog és hiteljog szemléje  |v 11 
695 |a Eljárásjog német végrehajtás 
856 4 0 |u http://misc.bibl.u-szeged.hu/15580/1/polgari_jog_1935_041-046a.pdf  |z Dokumentum-elérés